[Event "Pavlodar op"]
[Site "Pavlodar"]
[Date "2014.12.05"]
[Round "6"]
[White "Chakeeva, Almagul"]
[Black "Sinkin, Boris"]
[Result "1/2-1/2"]
[WhiteElo "1689"]
[BlackElo "1880"]
[PlyCount "58"]
[EventDate "2014.12.01"]
[EventType "swiss"]
[EventRounds "9"]
[EventCountry "KAZ"]
[SourceTitle "EXT 2016"]
[Source "ChessBase"]
[SourceDate "2015.10.08"]
[SourceVersion "1"]
[SourceVersionDate "2015.10.08"]
[SourceQuality "1"]

1. e4 c5 2. Nf3 e6 3. d4 cxd4 4. Nxd4 a6 5. Nc3 Qc7 6. Be2 Nf6 7. 0-0 Be7 8. Kh1 0-0 9. f4 d6 10. Be3 b5 11. a3 Bb7 12. Bd3 Nc6 13. f5 Nxd4 14. Bxd4 Rad8 15. Qe2 e5 16. Be3 d5 17. exd5 Bxd5 18. Nxd5 Rxd5 19. c4 bxc4 20. Bxc4 Rd6 21. Bxa6 h5 22. Rac1 Qa5 23. Bb7 e4 24. Rc5 Rd2 25. Bxd2 Qxc5 26. Bxe4 Qe5 27. Bf3 Qxb2 28. Qxe7 Qxd2 29. Qb4 Qd3 1/2-1/2

[Event "Kemerovo Region Cup sf"]
[Site "Kemerovo"]
[Date "2014.07.24"]
[Round "7"]
[White "Sinkin, Boris"]
[Black "Vlasov, Igor"]
[Result "0-1"]
[WhiteElo "1877"]
[BlackElo "2234"]
[PlyCount "70"]
[EventDate "2014.07.21"]
[EventType "swiss"]
[EventRounds "9"]
[EventCountry "RUS"]
[SourceTitle "EXT 2016"]
[Source "ChessBase"]
[SourceDate "2015.10.08"]
[SourceVersion "1"]
[SourceVersionDate "2015.10.08"]
[SourceQuality "1"]

1. e4 c6 2. Nc3 d5 3. d4 g6 4. Nf3 Bg7 5. Be3 Bg4 6. Qd2 dxe4 7. Nxe4 Bxf3 8. gxf3 Nd7 9. Bc4 Nb6 10. Bb3 Nf6 11. 0-0-0 h6 12. Rhg1 Nfd5 13. c4 Nxe3 14. fxe3 Qc7 15. Kb1 a5 16. a4 Nd7 17. c5 Nf6 18. Nxf6+ Bxf6 19. f4 Rd8 20. Qc2 e6 21. Rc1 h5 22. Rg2 h4 23. h3 Ke7 24. Bc4 Rdg8 25. Qe4 Rh5 26. Rcg1 Qd7 27. b3 Rb8 28. Rd1 Rxc5 29. Rgd2 Rh5 30. d5 cxd5 31. Bxd5 Qc7 32. Bc4 Qb6 33. Bb5 Qc5 34. Rc2 Qa3 35. Rd7+ Kf8 0-1

[Event "Kemerovo Region-ch"]
[Site "Kemerovo"]
[Date "2013.10.21"]
[Round "5"]
[White "Sinkin, Boris"]
[Black "Romanov, Evgeny"]
[Result "0-1"]
[WhiteElo "1893"]
[BlackElo "2654"]
[PlyCount "60"]
[EventDate "2013.10.18"]
[EventType "swiss"]
[EventRounds "9"]
[EventCountry "RUS"]
[SourceTitle "EXT 2014"]
[Source "ChessBase"]
[SourceDate "2013.11.20"]
[SourceVersion "1"]
[SourceVersionDate "2013.11.20"]
[SourceQuality "1"]

1. e4 d6 2. Nc3 g6 3. f4 Bg7 4. Nf3 Nf6 5. d4 0-0 6. Bd3 Nc6 7. a3 Bg4 8. Be3 e5 9. Ne2 Re8 10. fxe5 dxe5 11. d5 Nd4 12. Ng3 Nxe4 13. Nxe4 f5 14. c3 Qxd5 15. Ned2 Nxf3+ 16. Nxf3 e4 17. Bc2 Qxd1+ 18. Bxd1 exf3 19. gxf3 Rxe3+ 20. Kf2 f4 21. fxg4 Rd8 22. Bb3+ Kf8 23. Rad1 Bf6 24. Rxd8+ Bxd8 25. h4 c6 26. Bc2 Bb6 27. Kf1 Rg3 28. g5 f3 29. Be4 Rg2 30. Bxf3 Rf2+ 0-1

[Event "Kemerovo Region-ch"]
[Site "Kemerovo"]
[Date "2013.10.19"]
[Round "2"]
[White "Surunov, Arseniy"]
[Black "Sinkin, Boris"]
[Result "0-1"]
[WhiteElo "1694"]
[BlackElo "1893"]
[PlyCount "84"]
[EventDate "2013.10.18"]
[EventType "swiss"]
[EventRounds "9"]
[EventCountry "RUS"]
[SourceTitle "EXT 2014"]
[Source "ChessBase"]
[SourceDate "2013.11.20"]
[SourceVersion "1"]
[SourceVersionDate "2013.11.20"]
[SourceQuality "1"]

1. Nf3 Nf6 2. d4 d5 3. Bf4 c6 4. c3 g6 5. e3 Bg7 6. c4 0-0 7. Nc3 Nbd7 8. Be2 dxc4 9. e4 a6 10. a4 Ne8 11. Bxc4 Ndf6 12. 0-0 Nd6 13. Bd3 Nfe8 14. Qd2 Nc7 15. Bh6 Bd7 16. Bxg7 Kxg7 17. Rfe1 f6 18. Rac1 Be6 19. a5 Bf7 20. Na4 Ndb5 21. Bb1 Rb8 22. Qe3 g5 23. h3 Rc8 24. Nc5 Rb8 25. Na4 Re8 26. Red1 Qd7 27. Nc5 Qd8 28. Na4 Rf8 29. Kh1 Qc8 30. Nb6 Qd8 31. Na4 Ne6 32. b4 Nf4 33. Nh4 Bg6 34. Nxg6 Nxg6 35. Nc5 Qc8 36. d5 Re8 37. Ne6+ Kh8 38. Ba2 Nd6 39. Rc5 Qd7 40. dxc6 bxc6 41. Qc3 h6 42. Nd4 Nxe4 0-1

[Event "Kemerovo Kuzbass-ch"]
[Site "Kemerovo"]
[Date "2012.11.25"]
[Round "3"]
[White "Akentjev, Oleg"]
[Black "Sinkin, Boris"]
[Result "1-0"]
[WhiteElo "1835"]
[BlackElo "1922"]
[PlyCount "61"]
[EventDate "2012.11.23"]
[EventType "swiss"]
[EventRounds "9"]
[EventCountry "RUS"]
[SourceTitle "CBM 151 Extra"]
[Source "ChessBase"]
[SourceDate "2012.12.18"]
[SourceVersion "1"]
[SourceVersionDate "2012.12.18"]
[SourceQuality "1"]

1. f4 b6 2. Nf3 Bb7 3. e3 Nc6 4. b3 e6 5. Bb2 Nf6 6. Be2 d5 7. 0-0 Bd6 8. Qe1 Qe7 9. a3 0-0-0 10. Bb5 Kb8 11. Qe2 h6 12. a4 Na5 13. Bc3 Bb4 14. Ne5 Bxc3 15. dxc3 c5 16. Na3 Rd6 17. b4 cxb4 18. cxb4 Nc6 19. a5 Ne4 20. axb6 axb6 21. Bxc6 Bxc6 22. Nb5 Bxb5 23. Qxb5 Qb7 24. Ra3 f6 25. Ng6 Rhd8 26. Rfa1 Nd2 27. Ne7 R8d7 28. Ra8+ Qxa8 29. Rxa8+ Kxa8 30. Qa6+ Kb8 31. Qc8+ 1-0

[Event "Kuzbass-ch op"]
[Site "Kemerovo"]
[Date "2011.10.20"]
[Round "8"]
[White "Laptev, Evgeniy"]
[Black "Sinkin, Boris"]
[Result "1-0"]
[WhiteElo "2103"]
[BlackElo "1933"]
[PlyCount "71"]
[EventDate "2011.10.14"]
[EventType "swiss"]
[EventRounds "9"]
[EventCountry "RUS"]
[SourceTitle "EXT 2012"]
[Source "ChessBase"]
[SourceDate "2011.11.24"]
[SourceVersion "1"]
[SourceVersionDate "2011.11.24"]
[SourceQuality "1"]

1. d4 Nf6 2. Nf3 d5 3. c4 e6 4. Nc3 Nbd7 5. cxd5 exd5 6. Bg5 Be7 7. e3 c6 8. Bd3 0-0 9. 0-0 Re8 10. Rb1 Nf8 11. Qc2 Nh5 12. Bxe7 Rxe7 13. b4 a6 14. a4 g6 15. b5 cxb5 16. axb5 a5 17. Qb3 Nf6 18. Rfc1 b6 19. Rc2 Qd6 20. Na4 Bb7 21. Rbc1 Ne6 22. Ne5 Rc7 23. Rxc7 Nxc7 24. h3 Ne6 25. Nc6 Nd7 26. Rc3 Kg7 27. Qa3 Qxa3 28. Rxa3 f5 29. f4 Rc8 30. Rc3 Kf6 31. h4 h6 32. g3 Nef8 33. Bf1 h5 34. Bg2 Ke6 35. Bxd5+ Kd6 36. Bg2 1-0

[Event "Kuzbass-ch op"]
[Site "Kemerovo"]
[Date "2011.10.18"]
[Round "6"]
[White "Riabov, Aleksandr"]
[Black "Sinkin, Boris"]
[Result "0-1"]
[WhiteElo "1966"]
[BlackElo "1933"]
[PlyCount "28"]
[EventDate "2011.10.14"]
[EventType "swiss"]
[EventRounds "9"]
[EventCountry "RUS"]
[SourceTitle "EXT 2012"]
[Source "ChessBase"]
[SourceDate "2011.11.24"]
[SourceVersion "1"]
[SourceVersionDate "2011.11.24"]
[SourceQuality "1"]

1. d4 d5 2. c4 e6 3. Nf3 Nf6 4. g3 c6 5. Bg2 Bb4+ 6. Bd2 Qa5 7. 0-0 Bxd2 8. Nbxd2 0-0 9. a3 Qd8 10. Qc2 Nbd7 11. Rfd1 Re8 12. e4 dxe4 13. Nxe4 Nxe4 14. Qxe4 Nf6 0-1

[Event "Kemerovo op"]
[Site "Kemerovo"]
[Date "2010.07.29"]
[Round "6"]
[White "Sinkin, Boris"]
[Black "Riabov, Aleksandr"]
[Result "0-1"]
[WhiteElo "1963"]
[BlackElo "2005"]
[PlyCount "40"]
[EventDate "2010.07.26"]
[EventType "swiss"]
[EventRounds "9"]
[EventCountry "RUS"]
[SourceTitle "EXT 2011"]
[Source "ChessBase"]
[SourceDate "2010.11.26"]
[SourceVersion "1"]
[SourceVersionDate "2010.11.26"]
[SourceQuality "1"]

1. e4 c5 2. Nf3 Nc6 3. d4 cxd4 4. Nxd4 g6 5. Nc3 Bg7 6. Be3 Nf6 7. f3 0-0 8. Qd2 d5 9. exd5 Nxd5 10. Nxd5 Qxd5 11. Nxc6 Qxc6 12. 0-0-0 Be6 13. Kb1 Qa4 14. b3 Qa3 15. Bd4 Rfd8 16. Qe3 Qd6 17. c3 Bf5+ 18. Bd3 Bxd3+ 19. Kb2 Bxd4 20. Qxd3 Bf6 0-1

[Event "Novokuznetsk Summer op"]
[Site "Novokuznetsk"]
[Date "2010.06.25"]
[Round "11"]
[White "Scherbakov, Alexey"]
[Black "Sinkin, Boris"]
[Result "1/2-1/2"]
[WhiteElo "1872"]
[BlackElo "1963"]
[PlyCount "83"]
[EventDate "2010.06.15"]
[EventType "swiss"]
[EventRounds "11"]
[EventCountry "RUS"]
[SourceTitle "EXT 2011"]
[Source "ChessBase"]
[SourceDate "2010.11.26"]
[SourceVersion "1"]
[SourceVersionDate "2010.11.26"]
[SourceQuality "1"]

1. e4 c5 2. Nf3 Nc6 3. Bb5 Nf6 4. Bxc6 bxc6 5. Nc3 g6 6. 0-0 Bg7 7. d3 0-0 8. Be3 d6 9. h3 Rb8 10. Rb1 Nd7 11. Qd2 Re8 12. Bh6 Bh8 13. Ng5 Ba6 14. f4 d5 15. e5 c4 16. d4 c5 17. dxc5 Nxc5 18. Kh1 d4 19. Nce4 Nxe4 20. Nxe4 c3 21. bxc3 Bxf1 22. Rxf1 dxc3 23. Qxc3 Rc8 24. Qb3 Qd4 25. Re1 Red8 26. Bg5 Rc7 27. Nd6 Rf8 28. Nxf7 Qc4 29. Nh6+ Kg7 30. Qxc4 Rxc4 31. Bxe7 Rfxf4 32. Bg5 Rfe4 33. Rf1 Rc7 34. Rd1 Rxe5 35. Bf4 Rec5 36. Bxc7 Rxc7 37. Ng4 Rxc2 38. Rd7+ Kg8 39. Rxa7 Bd4 40. Ra4 Rc1+ 41. Kh2 Bc5 42. Kg3 1/2-1/2

[Event "Novokuznetsk Summer op"]
[Site "Novokuznetsk"]
[Date "2010.06.16"]
[Round "2"]
[White "Sukiasyan, Artem"]
[Black "Sinkin, Boris"]
[Result "0-1"]
[WhiteElo "1719"]
[BlackElo "1963"]
[PlyCount "58"]
[EventDate "2010.06.15"]
[EventType "swiss"]
[EventRounds "11"]
[EventCountry "RUS"]
[SourceTitle "EXT 2011"]
[Source "ChessBase"]
[SourceDate "2010.11.26"]
[SourceVersion "1"]
[SourceVersionDate "2010.11.26"]
[SourceQuality "1"]

1. e4 c5 2. Nf3 Nc6 3. d4 cxd4 4. Nxd4 d6 5. Bb5 Bd7 6. Nc3 Nf6 7. f3 a6 8. Ba4 b5 9. Bb3 Nxd4 10. Qxd4 g6 11. Nd5 Bg7 12. Nxf6+ Bxf6 13. Qd5 0-0 14. Bh6 Be6 15. Qd3 Bxb2 16. Rb1 Bg7 17. Bxg7 Kxg7 18. Bxe6 fxe6 19. 0-0 Rc8 20. f4 Qc7 21. Qd4+ e5 22. fxe5 dxe5 23. Qd5 Qc5+ 24. Qxc5 Rxc5 25. Rb2 Rxf1+ 26. Kxf1 Rc4 27. Rb3 Rxc2 28. Ra3 Rc4 29. Rxa6 Rxe4 0-1

[Event "Novokuznetsk Summer op"]
[Site "Novokuznetsk"]
[Date "2010.06.15"]
[Round "1"]
[White "Sinkin, Boris"]
[Black "Nigametzianov, Mikhail"]
[Result "0-1"]
[WhiteElo "1963"]
[BlackElo "2396"]
[PlyCount "68"]
[EventDate "2010.06.15"]
[EventType "swiss"]
[EventRounds "11"]
[EventCountry "RUS"]
[SourceTitle "EXT 2011"]
[Source "ChessBase"]
[SourceDate "2010.11.26"]
[SourceVersion "1"]
[SourceVersionDate "2010.11.26"]
[SourceQuality "1"]

1. e4 e5 2. Nf3 Nc6 3. Bc4 Be7 4. 0-0 Nf6 5. Nc3 0-0 6. d4 d6 7. h3 Nd7 8. Be3 exd4 9. Nxd4 Nde5 10. Be2 Nxd4 11. Bxd4 Nc6 12. Be3 Bf6 13. Qd2 Re8 14. Rad1 Bxc3 15. Qxc3 Rxe4 16. Bf3 Re6 17. Bxc6 bxc6 18. Qxc6 Bd7 19. Qc3 Rg6 20. Kh2 a5 21. b3 a4 22. Rd4 c5 23. Rf4 Bc6 24. g3 Qd7 25. f3 Re8 26. Rg4 Qe6 27. Rxg6 hxg6 28. Bg1 a3 29. Kg2 Qd5 30. Rf2 Qd1 31. Rf1 Re2+ 32. Rf2 Bb5 33. Rxe2 Qxe2+ 34. Bf2 Qf1+ 0-1

[Event "Kemerovo op"]
[Site "Kemerovo"]
[Date "2009.10.16"]
[Round "1"]
[White "Sinkin, Boris"]
[Black "Burmakin, Evgeniy"]
[Result "0-1"]
[WhiteElo "1985"]
[BlackElo "2227"]
[PlyCount "54"]
[EventDate "2009.10.16"]
[EventType "swiss"]
[EventRounds "9"]
[EventCountry "RUS"]
[SourceTitle "EXT 2010"]
[Source "ChessBase"]
[SourceDate "2010.11.25"]
[SourceVersion "1"]
[SourceVersionDate "2010.11.25"]
[SourceQuality "1"]

1. e4 e5 2. Nf3 Nc6 3. Bc4 Nf6 4. 0-0 Nxe4 5. Qe2 d5 6. Bb5 Bd6 7. d3 Nf6 8. Nxe5 0-0 9. Nxc6 bxc6 10. Bxc6 Bxh2+ 11. Kxh2 Qd6+ 12. Kg1 Ng4 13. g3 Qxc6 14. f3 Re8 15. Qg2 Qb6+ 16. Kh1 Bb7 17. Nc3 d4 18. Ne4 f5 19. Ng5 Qh6+ 20. Kg1 Ne3 21. Bxe3 dxe3 22. Nh3 e2 23. Rfe1 Re3 24. Nf4 Rxf3 25. Rxe2 Qb6+ 26. d4 Rxf4 27. Qh3 Qxd4+ 0-1